000 00442nam a22001217a 4500
008 230605b xxu||||| |||| 00| 0 eng d
082 _a328.307
_bCPST
245 _aInformation Communication and Participation and Outreach For The Legislature
_bA manual of the Center for Parliamentary Studies and Training
_cNew York
260 _aNew York
_bState University
_c2015
300 _a202
710 _bState University
_cNew York
_d2015
942 _2ddc
_cBK
999 _c443
_d443